000 00517nam a2200169Ia 4500
999 _c9074
_d9074
003 OSt
005 20220723131047.0
008 190216s9999||||xx |||||||||||||| ||und||
040 _coclc
082 _a005.133
_bBAL/O
100 _aBalagurusamy, E
_93962
245 0 _aObject Oriented Programming With C++ /
_cE Balagurusamy
260 _bTata Mcgraw Hill Publishing Company Ltd,
_c2001.
_aNew Delhi:
300 _a321p
650 _aComputer
942 _cBK
_2ddc
_h005.133
_iBAL/O
_k005.133
_mBAL/O